| 000 | 00351nam a22001457a 4500 | ||
|---|---|---|---|
| 008 | 210520b ||||| |||| 00| 0 eng d | ||
| 020 | _a9780673521651 | ||
| 041 | _aeng | ||
| 080 |
_25th _a32 |
||
| 082 | _a32 | ||
| 100 | _a21 | ||
| 101 | _aPOL | ||
| 245 |
_aContemporary Political Ideologies Movements and Regimes _cMacridis,R.C |
||
| 942 |
_2udc _cBK |
||
| 999 |
_c57548 _d57548 |
||